| 000 | 03208cam a2200397Ia 4500 | ||
|---|---|---|---|
| 001 | pointsofviewanth00moff | ||
| 003 | CaSfIA | ||
| 005 | 20210118210951.0 | ||
| 007 | cr|||| | ||
| 008 | 940526r19661956nyu 000 1 eng d | ||
| 010 | _a 66023505 | ||
| 040 |
_aSLC _cSLC _dUUC _dOCL _dOCLCQ _dYDXCP _dCaSfIA |
||
| 020 |
_a0451627229 : _c$5.99 ($6.99 Can.) |
||
| 020 | _a9780451627223 | ||
| 035 | _a(OCoLC)30499861 | ||
| 050 | 4 |
_aPN6014 _b.P64 1966x |
|
| 082 | 0 | 4 |
_a808.83 _220 |
| 245 | 0 | 0 |
_aPoints of view : _h[electronic resource] _ban anthology of short stories / _cedited by James Moffett and Kenneth R. McElheny. |
| 260 |
_a[New York] : _bMentor, _cc1966. |
||
| 300 |
_axii, 576 p. ; _c18 cm. |
||
| 500 | _a"ME2722"--Cover. | ||
| 520 | _aShort stories arranged by the story telling technique of the narrators. | ||
| 504 | _aIncludes bibliographical references (p. 575-576). | ||
| 505 | 0 | _aTelephone call / Dorothy Parker -- I stand here ironing / Tillie Olsen -- Straight pool / John O'Hara -- Lady's maid / Katherine Mansfield -- ...& answers / Joyce Carol Oates -- Inter-office / Rosellan Brown -- Bundle of letters / Henry James -- Wilderness station / Alice Munro -- Jupiter Doke, Brigadier General / Ambrose Bierce -- Yellow wallpaper / Charlotte Perkins Gillman -- Night watchman's occurrence book / V.S. Naipaul -- Amahl and the night visitors / Lorrie Moore -- Somebody / Danny Santiago -- My side of the matter / Truman Capote -- My sister's marriage / Cynthia Marshall Rich. | |
| 505 | 0 | _aWhy, you reckon? / Langston Hughes -- A & P / John Updike -- Distance / Grace Paley -- Christmas Eve at Johnson's Drugs N Goods / Toni Cade Bambara -- Circuit / Francisco Jimenez -- First confession / Frank O'Connor -- A coupla scalped indians / Ralph Ellison -- Birthday / David Wong Louie -- Passing / Durango Mendoza -- Voice from the wall / Amy Tan -- Country / Jayne Anne Phillips -- Scales / Louise Erdrich -- Bridle / Raymond Carver -- Eggs of the world / Toshio Mori -- Five-forty-eight / John Cheever -- Stone boy / Gina Berriault -- Doby's gone / Ann Petry -- Act of faith / Irwin Shaw. | |
| 505 | 0 | _aCome out of the wilderness / James Baldwin -- Sinking house / T. Coraghessan Boyle -- Only Rose / Sarah Orne Jewett -- Strong horse tea / Alice Walker -- Uglypuss / Margaret Atwood -- Fever flower / Shirley Ann Grau -- Suicides of private greaves / James Moffett -- Inez / Merle Hodge -- New window display / Nicholosa Mohr -- Lottery / Shirley Jackson -- Powerhouse / Eudora Welty. | |
| 650 | 0 | _aShort stories. | |
| 700 | 1 | _aMoffett, James. | |
| 700 | 1 | _aMcElheny, Kenneth R. | |
| 856 | 4 | 1 |
_uhttp://www.archive.org/details/pointsofviewanth00moff _zFree eBook from the Internet Archive |
| 856 | 4 | 2 |
_uhttp://www.openlibrary.org/books/OL24216951M _zAdditional information and access via Open Library |
| 029 | 1 |
_aAU@ _b000003281476 |
|
| 942 | _cEB | ||
| 506 | _fНеобхідна авторизація на https://archive.org/ (створення облікового запису безкоштовно) | ||
| 506 | _fНеобхідна авторизація на https://openlibrary.org/ (створення облікового запису безкоштовно) | ||
| 999 |
_c537578 _d537578 |
||